LEADER 00778nam a2200205 4500 001 000000341405 003 CaOOAMICUS 005 20200810111052.0 008 200810s1893 fr 000 u fre r 040 $aSeMil$bita 245 00$a2. 264 1$aParis :$bCalmann-Lévy,$c1893. 300 $a267 p. ;$c19 cm 700 1 $aChateaubriand, François René : de,$d<1768-1848>.$0(OLS)http://semarc/name/7109 773 0 $tItinéraire de Paris à Jérusalem.$dParis : Calmann-Lévy, 1893.$bNouvelle édition$g2$w()341403 850 $aSeMil 852 $aSeMil$W1$xVenegono$y1$m3XH II 4 FA$j220434$B232410$CSeMilBibl$Z2$F232410 $8I 996 $6245$a2$9(OLS)http://semarc/title/46889 996 $6264$aParis :$bCalmann-Lévy$9(OLS)http://semarc/publisher/30214 LEADER 01047nam a2200217 i 4500 001 000000083556 003 CaOOAMICUS 005 20180207000000.0 008 180207s1987 it u000 u ita u 013 $a55796 040 $aSeMil$bita 100 1 $aFalchini, Cecilia,$c.$0(OLS)http://semarc/name/37869 245 10$aMonachesimo :$bun cammino di unificazione ; Saggio di antropologia monastica nella Regola di Benedetto /$cCecilia Falchini della Comunità di Bose. 260 $aMagnano :$bQiqajon, Comunità di Bose,$cstampa 1987. 300 $a255 p. ;$c21 cm. 650 4$aMonachesimo - Spiritualità.$0(OLS)http://semarc/subject/2566 850 $aSeMil 852 $aSeMil$W1$xVenegono$y1$m3G V 360$j48108$B48108$CSeMilBibl$Z2$F51155 $81 961 $aLascito: Villa mons. Luigi 996 $6245$aMonachesimo :$bun cammino di unificazione ; Saggio di antropologia monastica nella Regola di Benedetto$9(OLS)http://semarc/title/405508 996 $6260$aMagnano :$bQiqajon, Comunità di Bose$9(OLS)http://semarc/publisher/55988